Chansons de Rammstein (Mort subite) - Statistiques

Statistiques générales
  • Ce quiz a été pris 500 fois
  • Le résultat moyen est 14 sur 20
Answers on the Grid
Answers color-coded by a green-red scale on the quiz's grid according to % correct below.
Engel
Du hast
Das Modell
Du riechst so gut '98
Stripped
Sonne
Links 2 3 4
Ich will
Mutter
Feuer frei!
Amerika
Ohne dich
Rosenrot
Pussy
Mein Herz brennt
Deutschland
Radio
Ausländer
Asche zu Asche
Mein Teil
Unrockbar
The power of love
Nothing else matters
Zehn kleine Jägermeister
Nichts bleibt für die Ewigkeit
Warum
Jeanny
99 luftballons
Major Tom
Durch den Monsun
Sie ist weg
Mon Amour
Der Kommissar
Da Da Da
Die Roboter
Rock me Amadeus
Männer
Droste, hörst du mich?
Augen auf!
Hier kommt die Maus
 
Statistiques - réponses
Réponse % Correct
Du hast
79%
Ich will
77%
Sonne
77%
Amerika
76%
Deutschland
76%
Feuer frei!
74%
Mein Herz brennt
73%
Links 2 3 4
72%
Engel
71%
Mein Teil
71%
Mutter
70%
Ohne dich
70%
Pussy
70%
Radio
70%
Ausländer
69%
Rosenrot
67%
Du riechst so gut '98
63%
Asche zu Asche
60%
Stripped
40%
Das Modell
35%
Aucun quiz correspondant
Distribution des résultats
% des personnes avec chaque résultat
Percentile par nombre de réponses
Votre historique - résultats
Vous n’avez pas pris ce quiz